| 000 | 00861nam a2200301Ia 4500 | ||
|---|---|---|---|
| 001 | 34959 | ||
| 003 | IT-RoPAU | ||
| 008 | 130308s9999 xx 000 0 und d | ||
| 040 | _aIT-RoPAU | ||
| 040 | _cIT-RoPAU | ||
| 041 | _aFRANCESE | ||
| 100 | _aLeothaud Gilles | ||
| 100 | _gCodice Aut. SPICS: 16601 | ||
| 245 | _aAcoustique musica le et psycho-Physiologie de la perception | ||
| 245 | _bPrecis de Musicologie (Puf) | ||
| 250 | _a2a ed. | ||
| 260 | _aPARIS | ||
| 260 | _bPresses Universitaires France | ||
| 260 | _c1984 [1° Ed.:1958 - Ed.Ling.Originale:1958] | ||
| 300 | _a"10 p. (prefazione: no ; testo: 10 [pagine: 442-451])" | ||
| 500 | _aAcustica Musicale Psicofisiologia della Percezione | ||
| 650 | _aENCICLOPEDIE DI MUSICA | ||
| 650 | _eCodice materia Spics: 7001 | ||
| 942 | _cBK | ||
| 957 | _71 | ||
| 999 |
_c58281 _d58281 |
||
| 999 | _bSI | ||
| 999 | _g1 | ||